000
00327nam a22001457a 4500
008
210528b ||||| |||| 00| 0 eng d
020
_a
9780471694663
041
_a
eng
080
_2
7th
_a
004
082
_a
004
100
_a
28
101
_a
SHKI
245
_a
Operating Systems Concepts
_c
Silberschatz,A
942
_2
udc
_c
BK
999
_c
57783
_d
57783